Destinos cruzados : (Record no. 81369)
[ view plain ]
| 000 -LEADER | |
|---|---|
| fixed length control field | 01424cam a2200325 4500 |
| 005 - DATE AND TIME OF LATEST TRANSACTION | |
| control field | 20170223131139.0 |
| 008 - FIXED-LENGTH DATA ELEMENTS--GENERAL INFORMATION | |
| fixed length control field | 170223b mx ||||| |||| 00| 0 spa d |
| 020 ## - INTERNATIONAL STANDARD BOOK NUMBER | |
| International Standard Book Number | 9682318947 |
| 020 ## - INTERNATIONAL STANDARD BOOK NUMBER | |
| International Standard Book Number | 923302783 |
| 050 04 - LIBRARY OF CONGRESS CALL NUMBER | |
| Classification number | E98 .F39 |
| Item number | D47 1996 |
| 245 00 - TITLE STATEMENT | |
| Title | Destinos cruzados : |
| Remainder of title | cinco siglos de encuentros con los amerindios / |
| Statement of responsibility, etc | coord. Joëlle Rostkowski y Silvie Devers ; México: Miguel León-Portilla, América del Norte Joëlle Rostkowski y Wilcomb Washburn, Ártico: Jean Malaurie y Silvie Devers. |
| 250 ## - EDITION STATEMENT | |
| Edition statement | 1a ed. |
| 260 ## - PUBLICATION, DISTRIBUTION, ETC. (IMPRINT) | |
| Place of publication, distribution, etc | México : |
| Name of publisher, distributor, etc | Siglo veintiuno, |
| -- | UNESCO, |
| Date of publication, distribution, etc | 1996 |
| 300 ## - PHYSICAL DESCRIPTION | |
| Extent | 527 p. : |
| Other physical details | il. ; |
| Dimensions | 23 cm. |
| 500 ## - GENERAL NOTE | |
| General note | Nota : Título original: destins croisés. cinq siècles de rencontres avec les amerindiens. |
| 504 ## - BIBLIOGRAPHY, ETC. NOTE | |
| Bibliography, etc | Incluye índice |
| 650 #7 - SUBJECT ADDED ENTRY--TOPICAL TERM | |
| Source of heading or term | LEMB |
| Topical term or geographic name as entry element | Indios |
| Geographic subdivision | América del Norte |
| General subdivision | Primer contacto con los europeos |
| 650 #7 - SUBJECT ADDED ENTRY--TOPICAL TERM | |
| Source of heading or term | LEMB |
| Topical term or geographic name as entry element | Esquimales |
| General subdivision | Primer contacto con los europeos |
| 650 #7 - SUBJECT ADDED ENTRY--TOPICAL TERM | |
| Source of heading or term | LEMB |
| Topical term or geographic name as entry element | Indios de México |
| General subdivision | Primer contacto con los europeos |
| 700 1# - ADDED ENTRY--PERSONAL NAME | |
| Personal name | Rostkowski, Joelle, |
| Relator term | coord. |
| 700 1# - ADDED ENTRY--PERSONAL NAME | |
| Personal name | Devers, Silvie, |
| Relator term | coord. |
| 700 1# - ADDED ENTRY--PERSONAL NAME | |
| Personal name | León-Portilla, Miguel, |
| Dates associated with a name | [1926- ], |
| Relator term | coord. |
| 700 1# - ADDED ENTRY--PERSONAL NAME | |
| Personal name | Washburn, Wilcomb, |
| Dates associated with a name | [1925-1997], |
| Relator term | coord. |
| 700 1# - ADDED ENTRY--PERSONAL NAME | |
| Personal name | Malaurie, Jean, |
| Dates associated with a name | [1922- ], |
| Relator term | coord. |
| 700 1# - ADDED ENTRY--PERSONAL NAME | |
| Personal name | Arizmendi, Carmen, |
| Relator term | tr. |
| 700 1# - ADDED ENTRY--PERSONAL NAME | |
| Personal name | Mur Ubasart, Martín, |
| Relator term | tr. |
| 700 1# - ADDED ENTRY--PERSONAL NAME | |
| Personal name | Palos, Ana María, |
| Relator term | tr. |
| 700 1# - ADDED ENTRY--PERSONAL NAME | |
| Personal name | Schussheim, Victoria, |
| Relator term | tr. |
| 942 ## - ADDED ENTRY ELEMENTS (KOHA) | |
| Source of classification or shelving scheme | Biblioteca del Cogreso de los Estados Unidos |
| Koha item type | Libro |
| Estado de pérdida | Fuente de clasificación | Estado del daño | No para préstamo | Ubicación permanente | Ubicación actual | Apartado o colección | Fecha de adquisición | Edición | Dependencia de educación superior (DES) | Área del conocimiento | Clasificación | Código de Barras | Date last seen | Número de copia | Tipo de recurso | Nota pública |
|---|---|---|---|---|---|---|---|---|---|---|---|---|---|---|---|---|
| Biblioteca del Cogreso de los Estados Unidos | Biblioteca del Instituto de Investigaciones Históricas | Biblioteca del Instituto de Investigaciones Históricas | General | 23/02/2017 | 1a ed. | Humanidades | Educación y Humanidades | E98 .F39 D47 1996 | IIH000017043 | 23/02/2017 | C: 1 | Libro | GENERAL |